Chicken soup for the soul : (Record no. 13391)
[ view plain ]
| 000 -LEADER | |
|---|---|
| fixed length control field | 01440cam a2200313 a 4500 |
| 001 - CONTROL NUMBER | |
| control field | 3969372 |
| 005 - DATE AND TIME OF LATEST TRANSACTION | |
| control field | 20070726161432.0 |
| 008 - FIXED-LENGTH DATA ELEMENTS--GENERAL INFORMATION | |
| fixed length control field | 931021s1993 flua 000 0 eng d |
| 010 ## - LIBRARY OF CONGRESS CONTROL NUMBER | |
| LC control number | 94178730 |
| 020 ## - INTERNATIONAL STANDARD BOOK NUMBER | |
| International Standard Book Number | 155874262X (pbk.) : |
| Terms of availability | $12.00 |
| 035 ## - SYSTEM CONTROL NUMBER | |
| System control number | (OCoLC)29153134 |
| 040 ## - CATALOGING SOURCE | |
| Original cataloging agency | ViVb |
| Transcribing agency | ViVb |
| Modifying agency | OCl |
| -- | DLC |
| 042 ## - AUTHENTICATION CODE | |
| Authentication code | lccopycat |
| 050 00 - LIBRARY OF CONGRESS CALL NUMBER | |
| Classification number | BL624 |
| Item number | .C457 1993 |
| 082 00 - DEWEY DECIMAL CLASSIFICATION NUMBER | |
| Classification number | 158.12 |
| Edition number | 20 |
| Item number | CAN |
| 100 ## - MAIN ENTRY--PERSONAL NAME | |
| Personal name | Canfield, Jack. |
| 9 (RLIN) | 11391 |
| 245 00 - TITLE STATEMENT | |
| Title | Chicken soup for the soul : |
| Remainder of title | 101 stories to open the heart & rekindle the spirit / |
| Statement of responsibility, etc | [compiled by] Jack Canfield and Mark Victor Hansen. |
| 260 ## - PUBLICATION, DISTRIBUTION, ETC. (IMPRINT) | |
| Place of publication, distribution, etc | Deerfield Beach, FL : |
| Name of publisher, distributor, etc | Health Communications, |
| Date of publication, distribution, etc | c1993. |
| 300 ## - PHYSICAL DESCRIPTION | |
| Extent | xviii, 304 p. : |
| Other physical details | ill. ; |
| Dimensions | 22 cm. |
| 650 #0 - SUBJECT ADDED ENTRY--TOPICAL TERM | |
| Topical term or geographic name as entry element | Spiritual life. |
| 9 (RLIN) | 11392 |
| 700 1# - ADDED ENTRY--PERSONAL NAME | |
| Personal name | Canfield, Jack, |
| Dates associated with a name | 1944- |
| 9 (RLIN) | 11393 |
| 700 1# - ADDED ENTRY--PERSONAL NAME | |
| Personal name | Hansen, Mark Victor. |
| 9 (RLIN) | 11394 |
| 856 42 - ELECTRONIC LOCATION AND ACCESS | |
| Materials specified | Publisher description |
| Uniform Resource Identifier | <a href="http://www.loc.gov/catdir/enhancements/fy0727/94178730-d.html">http://www.loc.gov/catdir/enhancements/fy0727/94178730-d.html</a> |
| 856 41 - ELECTRONIC LOCATION AND ACCESS | |
| Materials specified | Sample text |
| Uniform Resource Identifier | <a href="http://www.loc.gov/catdir/enhancements/fy0727/94178730-s.html">http://www.loc.gov/catdir/enhancements/fy0727/94178730-s.html</a> |
| 856 42 - ELECTRONIC LOCATION AND ACCESS | |
| Materials specified | Contributor biographical information |
| Uniform Resource Identifier | <a href="http://www.loc.gov/catdir/enhancements/fy0735/94178730-b.html">http://www.loc.gov/catdir/enhancements/fy0735/94178730-b.html</a> |
| 942 ## - ADDED ENTRY ELEMENTS (KOHA) | |
| Source of classification or shelving scheme | Dewey Decimal Classification |
| Item type | Book - Borrowing |
| Withdrawn status | Item status | Source of classification or shelving scheme | Damaged status | Not for loan | Vendor | Home library | Current library | Shelving location | Date acquired | Source of acquisition | Cost, normal purchase price | Serial Enumeration / chronology | Total Checkouts | Total Renewals | Full call number | Barcode | Date last seen | Date last borrowed | Koha item type |
|---|---|---|---|---|---|---|---|---|---|---|---|---|---|---|---|---|---|---|---|
| Dewey Decimal Classification | Central Library | Central Library | Lower Floor | 14/02/2010 | 105.00 | 1 | 11 | 110 | 158.12 CAN | 000019655 | 21/12/2025 | 14/12/2025 | Book - Borrowing |